Statistics for Call Your Mom by Noah Kahan - Lyrics Quiz

Click here to take the quiz!

General Stats

  • This quiz has been taken 208 times
  • The average score is 258 of 302

Answer Stats

Answer% Correct
mom
100%
you
100%
a
99%
call
98%
I
98%
your
98%
All
96%
all
96%
be
96%
I'll
96%
can
95%
of
95%
lights
94%
night
94%
(Night)
94%
off
94%
on
94%
turned
94%
darkness
93%
Don't
93%
don't
93%
drive,
93%
drive
93%
let
92%
me
92%
me?
92%
this,
91%
this
91%
fool
90%
won't
90%
Won't
90%
You're
90%
you're
90%
Oh,
89%
So,
88%
stay
88%
stay?
88%
The
87%
the
87%
to
87%
where
87%
with
87%
are
86%
been
86%
soul
86%
I've
85%
Jesus
85%
yourself
85%
exactly
84%
in
83%
Medicate,
83%
meditate,
83%
reason
83%
dear,
82%
discouraged
82%
if
82%
If
82%
another
81%
it
81%
breathing
80%
give
80%
mile
80%
fall
79%
love,
79%
wanna
79%
again
78%
punch,
78%
for
77%
Throw
77%
no
75%
wondering
75%
and
70%
never
70%
out
70%
save
70%
any
69%
cancel
69%
line
69%
plans
69%
moment
68%
spiraling
68%
without
68%
knowing
67%
swear
67%
ends
66%
go
66%
before
65%
But,
65%
see
65%
afraid
64%
could
64%
like
64%
right
64%
most
63%
'Cause
62%
get
62%
chance
61%
make
61%
'Til
61%
have
60%
them
60%
place
59%
room,
59%
Stayed
59%
Waiting
58%
entire
57%
tried
57%
stand
56%
you'd
56%
that
55%
had
53%
told
53%
hands
49%
greatest
48%
fears
47%
loudest
45%
silence
44%
wringing
35%
His
29%

Score Distribution

Percentile by Number Answered

Percent of People with Each Score

Your Score History

You have not taken this quiz